| 000 | 00661nam a22002297a 4500 | ||
|---|---|---|---|
| 999 |
_c216265 _d216265 |
||
| 005 | 20260213094756.0 | ||
| 008 | 260213b ||||| |||| 00| 0 eng d | ||
| 040 |
_aLC _cUNZA _eRDA |
||
| 050 |
_aDK 275.AI _bSIM 1967 C1. |
||
| 100 | _aSimmonds George W. | ||
| 245 |
_aSoviet leaders / _cGeorge W Simmonds |
||
| 260 |
_aNew york _bThomas Y Croswell _c1967 |
||
| 300 | _avi, 405 pages | ||
| 336 | _atext | ||
| 337 | _aunmediated | ||
| 338 | _aVolume | ||
| 650 | _aSoviet Union—Politics and government | ||
| 650 | _aPolitical leadership—Soviet Union | ||
| 650 | _aStatesmen—Soviet Union | ||
| 650 | _aSoviet Union—History | ||
| 942 | _cBOOK | ||